<?xml version="1.0" encoding="UTF-8"?>
<record
    xmlns:xsi="http://www.w3.org/2001/XMLSchema-instance"
    xsi:schemaLocation="http://www.loc.gov/MARC21/slim http://www.loc.gov/standards/marcxml/schema/MARC21slim.xsd"
    xmlns="http://www.loc.gov/MARC21/slim">

  <leader>01434nam a2200289   4500</leader>
  <datafield tag="999" ind1=" " ind2=" ">
    <subfield code="c">122362</subfield>
    <subfield code="d">122362</subfield>
  </datafield>
  <controlfield tag="003">dpl</controlfield>
  <controlfield tag="005">20190225144305.0</controlfield>
  <controlfield tag="008">180626b        xxu||||| |||| 00| 0 eng d</controlfield>
  <datafield tag="010" ind1=" " ind2=" ">
    <subfield code="a">A-926762</subfield>
  </datafield>
  <datafield tag="020" ind1=" " ind2=" ">
    <subfield code="c">500.00</subfield>
    <subfield code="a">8170433398</subfield>
  </datafield>
  <datafield tag="035" ind1=" " ind2=" ">
    <subfield code="a">A-926762, A-926766, A-926771, A-926766</subfield>
  </datafield>
  <datafield tag="037" ind1=" " ind2=" ">
    <subfield code="b">Cen Lib / Ret</subfield>
  </datafield>
  <datafield tag="040" ind1=" " ind2=" ">
    <subfield code="a">DPL</subfield>
    <subfield code="b">HN</subfield>
    <subfield code="c">0</subfield>
  </datafield>
  <datafield tag="082" ind1=" " ind2=" ">
    <subfield code="a">820.8</subfield>
    <subfield code="b">&#x92D;&#x91F;&#x94D;&#x91F;&#x909;</subfield>
  </datafield>
  <datafield tag="245" ind1=" " ind2=" ">
    <subfield code="a">&#x909;&#x926;&#x92F; &#x936;&#x902;&#x915;&#x930; &#x92D;&#x91F;&#x94D;&#x91F; &#x930;&#x91A;&#x928;&#x93E;&#x935;&#x932;&#x940; /</subfield>
    <subfield code="c">&#x938;&#x92E;&#x94D;&#x92A;&#x93E;&#x926;&#x915; &#x92A;&#x94D;&#x930;&#x92D;&#x93E; &#x936;&#x902;&#x915;&#x930; &#x92E;&#x947;&#x939;&#x924;&#x93E; </subfield>
  </datafield>
  <datafield tag="246" ind1=" " ind2=" ">
    <subfield code="a">Uday Shankar Bhatt Rachnavali /</subfield>
    <subfield code="b">edited by Prabha Shankar Mehta</subfield>
  </datafield>
  <datafield tag="260" ind1=" " ind2=" ">
    <subfield code="a">&#x926;&#x93F;&#x932;&#x94D;&#x932;&#x940; </subfield>
    <subfield code="b">&#x906;&#x924;&#x94D;&#x92E;&#x93E; &#x930;&#x93E;&#x92E; &#x90F;&#x902;&#x921; &#x938;&#x902;&#x938;</subfield>
    <subfield code="c">1998</subfield>
  </datafield>
  <datafield tag="270" ind1=" " ind2=" ">
    <subfield code="a">&#x915;&#x936;&#x94D;&#x92E;&#x940;&#x930;&#x940; &#x917;&#x947;&#x91F; </subfield>
    <subfield code="b">&#x926;&#x93F;&#x932;&#x94D;&#x932;&#x940; </subfield>
    <subfield code="e">110001</subfield>
  </datafield>
  <datafield tag="300" ind1=" " ind2=" ">
    <subfield code="a">v 1. 542 ; v 4. various paging. </subfield>
    <subfield code="b">24cm.</subfield>
  </datafield>
  <datafield tag="500" ind1=" " ind2=" ">
    <subfield code="a">v 1. &#x915;&#x93E;&#x935;&#x94D;&#x92F;, &#x92D;&#x93E;&#x935; &#x928;&#x93E;&#x91F;&#x94D;&#x92F; &#x90F;&#x935;&#x902; &#x917;&#x940;&#x924;&#x93F; &#x928;&#x93E;&#x91F;&#x94D;&#x92F; (&#x91A;&#x941;&#x928;&#x940; &#x939;&#x941;&#x908; &#x915;&#x943;&#x924;&#x93F;&#x92F;&#x93E;&#x901;) ; v 4 .&#x909;&#x92A;&#x928;&#x94D;&#x92F;&#x93E;&#x938; (&#x936;&#x947;&#x937; &#x905;&#x936;&#x947;&#x937;, &#x932;&#x94B;&#x915;-&#x92A;&#x930;&#x932;&#x94B;&#x915;, &#x926;&#x94B; &#x905;&#x927;&#x94D;&#x92F;&#x93E;&#x92F;) ;</subfield>
  </datafield>
  <datafield tag="650" ind1=" " ind2=" ">
    <subfield code="a">&#x939;&#x93F;&#x902;&#x926;&#x940; &#x938;&#x93E;&#x939;&#x93F;&#x924;&#x94D;&#x92F; </subfield>
  </datafield>
  <datafield tag="650" ind1=" " ind2=" ">
    <subfield code="a">&#x939;&#x93F;&#x902;&#x926;&#x940; &#x938;&#x939;&#x93F;&#x924;&#x94D;&#x92F;- &#x909;&#x926;&#x92F; &#x936;&#x902;&#x915;&#x930; &#x92D;&#x91F;&#x94D;&#x91F;</subfield>
  </datafield>
  <datafield tag="650" ind1=" " ind2=" ">
    <subfield code="a">Hindi Literature</subfield>
  </datafield>
  <datafield tag="650" ind1=" " ind2=" ">
    <subfield code="a">Hindi Literature- Uday Shankar Bhatt</subfield>
  </datafield>
  <datafield tag="700" ind1=" " ind2=" ">
    <subfield code="a">&#x92E;&#x947;&#x939;&#x924;&#x93E;, &#x92A;&#x94D;&#x930;&#x92D;&#x93E; &#x936;&#x902;&#x915;&#x930;</subfield>
  </datafield>
  <datafield tag="942" ind1=" " ind2=" ">
    <subfield code="2">ddc</subfield>
    <subfield code="c">HN</subfield>
    <subfield code="h">820.8</subfield>
    <subfield code="m">&#x92D;&#x91F;&#x94D;&#x91F;&#x909;</subfield>
  </datafield>
  <datafield tag="952" ind1=" " ind2=" ">
    <subfield code="0">0</subfield>
    <subfield code="1">0</subfield>
    <subfield code="3">v.4</subfield>
    <subfield code="4">0</subfield>
    <subfield code="7">0</subfield>
    <subfield code="a">L</subfield>
    <subfield code="b">L</subfield>
    <subfield code="d">2016-03-21</subfield>
    <subfield code="e">Cen Lib/Ret</subfield>
    <subfield code="g">500.00</subfield>
    <subfield code="l">1</subfield>
    <subfield code="o">820.8 &#x92D;&#x91F;&#x94D;&#x91F;&#x909;</subfield>
    <subfield code="p">A-926777</subfield>
    <subfield code="r">2020-11-03 00:00:00</subfield>
    <subfield code="s">2020-10-22</subfield>
    <subfield code="v">500.00</subfield>
    <subfield code="w">2016-07-27</subfield>
    <subfield code="y">HN</subfield>
  </datafield>
  <datafield tag="952" ind1=" " ind2=" ">
    <subfield code="0">0</subfield>
    <subfield code="1">0</subfield>
    <subfield code="3">v.1</subfield>
    <subfield code="4">0</subfield>
    <subfield code="7">0</subfield>
    <subfield code="a">L</subfield>
    <subfield code="b">L</subfield>
    <subfield code="d">2016-03-21</subfield>
    <subfield code="e">Cen Lib/Ret</subfield>
    <subfield code="g">500.00</subfield>
    <subfield code="l">0</subfield>
    <subfield code="o">820.8 &#x92D;&#x91F;&#x94D;&#x91F;&#x909;</subfield>
    <subfield code="p">A-926762</subfield>
    <subfield code="r">2016-03-21 00:00:00</subfield>
    <subfield code="v">500.00</subfield>
    <subfield code="w">2016-03-21</subfield>
    <subfield code="y">HN</subfield>
  </datafield>
  <datafield tag="952" ind1=" " ind2=" ">
    <subfield code="0">0</subfield>
    <subfield code="1">0</subfield>
    <subfield code="2">ddc</subfield>
    <subfield code="3">v.1</subfield>
    <subfield code="4">0</subfield>
    <subfield code="7">0</subfield>
    <subfield code="8">NFIC</subfield>
    <subfield code="a">BL4</subfield>
    <subfield code="b">BL4</subfield>
    <subfield code="d">2018-06-26</subfield>
    <subfield code="e">BPPD/PUB</subfield>
    <subfield code="g">500.00</subfield>
    <subfield code="l">1</subfield>
    <subfield code="o">820.8 &#x92D;&#x91F;&#x94D;&#x91F;&#x909;</subfield>
    <subfield code="p">A-926766</subfield>
    <subfield code="r">2018-07-09 00:00:00</subfield>
    <subfield code="s">2018-06-26</subfield>
    <subfield code="v">500.00</subfield>
    <subfield code="w">2018-06-26</subfield>
    <subfield code="y">HN</subfield>
  </datafield>
  <datafield tag="952" ind1=" " ind2=" ">
    <subfield code="0">0</subfield>
    <subfield code="1">0</subfield>
    <subfield code="2">ddc</subfield>
    <subfield code="4">0</subfield>
    <subfield code="7">0</subfield>
    <subfield code="8">NFIC</subfield>
    <subfield code="a">BL4</subfield>
    <subfield code="b">BL4</subfield>
    <subfield code="d">2019-02-20</subfield>
    <subfield code="e">BPPD/PUB</subfield>
    <subfield code="g">500.00</subfield>
    <subfield code="l">0</subfield>
    <subfield code="o">820.8 &#x92D;&#x91F;&#x94D;&#x91F;&#x909;</subfield>
    <subfield code="p">A-926771</subfield>
    <subfield code="r">2019-02-20 00:00:00</subfield>
    <subfield code="v">500.00</subfield>
    <subfield code="w">2019-02-20</subfield>
    <subfield code="y">HN</subfield>
  </datafield>
</record>
